00439nam a22001457a 450000500170000001000140001702000260003103700220005708200140007924500860009325000080017926000390018727000460022630000210027220220929170854.0 aB-7457333 a9789389915495c495.00 bVani Book Company a294.52113 aRama:bin the Indian languages (Assamese language)/ced. by Yogendra Pratap Singh a1st aNew DelhibVani Book Companyc2020 a4695, 21-A, Daryaganj,bNew Delhie110002 a189p.c24cm(hbk)